Supreme Court reports : (Record no. 9354)

MARC details
000 -LEADER
fixed length control field 00935nam a22001697a 4500
003 - CONTROL NUMBER IDENTIFIER
control field OSt
005 - DATE AND TIME OF LATEST TRANSACTION
control field 20260410040208.0
008 - FIXED-LENGTH DATA ELEMENTS--GENERAL INFORMATION
fixed length control field 260410b |||||||| |||| 00| 0 eng d
020 ## - INTERNATIONAL STANDARD BOOK NUMBER
International Standard Book Number 971-16-0092-7
040 ## - CATALOGING SOURCE
Original cataloging agency DWC-Main lib.
Transcribing agency OC
082 ## - DEWEY DECIMAL CLASSIFICATION NUMBER
Classification number Fil. 348.044 Su959
110 ## - MAIN ENTRY--CORPORATE NAME
Corporate name or jurisdiction name as entry element EDITORIAL STAFF OF THE CENTRAL LAWBOOK PUBLISHING CO., INC
245 ## - TITLE STATEMENT
Title Supreme Court reports :
Remainder of title annotated/
Statement of responsibility, etc. EDITORIAL STAFF OF THE CENTRAL LAWBOOK PUBLISHING CO., INC
260 ## - PUBLICATION, DISTRIBUTION, ETC.
Place of publication, distribution, etc. Manila, Philippines :
Name of publisher, distributor, etc. Central Lawbook Publishing Company, Inc.
504 ## - BIBLIOGRAPHY, ETC. NOTE
Bibliography, etc. note v.151 - June 18 to June 30, 1987<br/>v.152 - July 3 to July 31, 1987<br/>v.153 - August to September 14, 1987<br/>v.154 - September 15 to October 23, 1987<br/>v.155 - October 26 to November 1987<br/>v.156 - December 1 to 29, 1987<br/>v.157 - January 1 to 29, 1988<br/>v.158 - February 8 to March 16, 1988<br/>v.159 - March 18 to April 14, 1988<br/>v.160 - April 15 to April 30, 1988
942 ## - ADDED ENTRY ELEMENTS (KOHA)
Source of classification or shelving scheme Dewey Decimal Classification
Koha item type Book-Filipiniana
Classification part Fil.
Suppress in OPAC No
952 ## - LOCATION AND ITEM INFORMATION (KOHA)
--
952 ## - LOCATION AND ITEM INFORMATION (KOHA)
--
952 ## - LOCATION AND ITEM INFORMATION (KOHA)
--
952 ## - LOCATION AND ITEM INFORMATION (KOHA)
--
952 ## - LOCATION AND ITEM INFORMATION (KOHA)
--
952 ## - LOCATION AND ITEM INFORMATION (KOHA)
--
952 ## - LOCATION AND ITEM INFORMATION (KOHA)
--
952 ## - LOCATION AND ITEM INFORMATION (KOHA)
--
952 ## - LOCATION AND ITEM INFORMATION (KOHA)
--
952 ## - LOCATION AND ITEM INFORMATION (KOHA)
--
Holdings
Withdrawn status Lost status Source of classification or shelving scheme Damaged status Not for loan Home library Current library Shelving location Date acquired Total Checkouts Full call number Barcode Date last seen Copy number Price effective from Koha item type Uniform Resource Identifier
    Dewey Decimal Classification     College Library College Library Filipiniana 03/08/2006   Fil. 348.044 Su959 CL43022 04/10/2026 c1 04/10/2026 BK - FIL
    Dewey Decimal Classification     College Library College Library Filipiniana 03/08/2006   Fil. 348.044 Su959 43023 04/10/2026 c2 04/10/2026 BK - FIL
    Dewey Decimal Classification     College Library College Library Filipiniana 03/08/2006   Fil. 348.044 Su959 43024 04/10/2026 c3 04/10/2026 BK - FIL
    Dewey Decimal Classification     College Library College Library Filipiniana 03/08/2006   Fil. 348.044 Su959 43025 04/10/2026 c4 04/10/2026 BK - FIL
    Dewey Decimal Classification     College Library College Library Filipiniana 03/08/2006   Fil. 348.044 Su959 43026 04/10/2026 c5 04/10/2026 BK - FIL
    Dewey Decimal Classification     College Library College Library Filipiniana 03/08/2006   Fil. 348.044 Su959 43027 04/10/2026 c6 04/10/2026 BK - FIL
    Dewey Decimal Classification     College Library College Library Filipiniana 03/08/2006   Fil. 348.044 Su959 43028 04/10/2026 c7 04/10/2026 BK - FIL
    Dewey Decimal Classification     College Library College Library Filipiniana 03/08/2006   Fil. 348.044 Su959 43029 04/10/2026 c8 04/10/2026 BK - FIL
    Dewey Decimal Classification     College Library College Library Filipiniana 03/08/2006   Fil. 348.044 Su959 43030 04/10/2026 c9 04/10/2026 BK - FIL
    Dewey Decimal Classification     College Library College Library Filipiniana 03/08/2006   Fil. 348.044 Su959 43031 04/10/2026 c10 04/10/2026 BK - FIL